Datum a čas kvízu

32.5 Celkem bodů Celkový počet nahraných bodů na tomto kvízu bez doplňovacích otázek.
7. Pořadí na kvízu Konečné umístění týmu na tomto kvízu.

Zaznamenané odpovědi

# Otázka Odpověď Body Výsledky
1. Česká vláda ve středu schválil... C) energetické nápoje 1
2. Americká firma Mattel se dopus... adresa pornografických stránek 1
3. Magazín People vyhlásil nejvíc... John Krasinski 0
4. V pátek byl v Praze, při příle... Belgie 0
5. Která 40letá úspěšná lyžařka o... Lindsey Vonn 1
6. Většina z nás se v dětství uči... chlorid amonný 1
7. Který z těchto smyslů je u člo... sluch (z ucha) 1
8. Kytovci a netopýři dokáží vysí... echolokace 1
9. Těsné propojení čichu a chuti... A 1
10. Buňky v sítnici lidského oka c... čípky 1